Statistics for U.S. Civil War Decoder

Click here to take the quiz!

General Stats

  • This quiz has been taken 12,798 times
    (5,784 since last reset)
  • The average score is 17 of 26

Answer Stats

Hint Answer % Correct
UThe U in U.S. GrantUlysses
95%
NVictorious side of the warNorth
92%
SMain cause of the warSlavery
91%
VMost populous Confederate stateVirginia
91%
F____ SumterFort
90%
GDeadliest battleGettysburg
88%
RConfederate capitalRichmond
88%
E____________ ProclamationEmancipation
84%
RNew mode of transportation
leveraged by the North
Railroad
81%
OFive soldiers born in this state
would later become President
Ohio
79%
AMovement to end slaveryAbolition
74%
SGeneral Jackson's nicknameStonewall
74%
YConfederate battle cry: Rebel ____Yell
69%
RPeriod that followed the warReconstruction
67%
OWhites-only state admitted to
the Union in 1859
Oregon
64%
DPresident of the ConfederacyDavis
60%
CFamous nurse: _____ BartonClara
58%
QuoteFour score and seven years ago
56%
O___ times there are not forgottenOld
55%
ABattle of __________ Court HouseAppomattox
53%
ERobert Lee's middle nameEdward
52%
SLincoln's hat styleStovepipe
48%
NConfederate state capital captured
by the Union in 1862
Nashville
45%
ABattle also known as SharpsburgAntietam
44%
EConfederate general Jubal _____Early
23%
EConfederate general Richard S. _____Ewell
15%

Score Distribution

Percentile by Number Answered

Percent of People with Each Score

Your Score History

You have not taken this quiz since the last reset